000 00804nam a22002415i 4500
001 169454
003 ES-MaACL
005 20230906214111.0
008 080915s1978 fr |||| | fre d
080 _a17.036
245 0 4 _aLes stoïciens et leur logique
_b: actes du Colloque de Chantilly, 18-22 septembre 1976.
260 _aParis :
_bJ. Vrin,
_c1978.
300 _a500 p. ;
_c24 cm.
490 1 _aBibliothèque d'histoire de la philosophie
500 _aÍndices.
504 _aBibliografía.
650 0 4 _aEstoicos.
_912556
650 0 4 _aEstoicismo.
_912555
711 2 _aColloque de Chantilly (
_d1976)
_9139355
830 0 _aBibliothèque d'histoire de la philosophie
_9177275
852 4 _aES-MaACL
_jE-12417
_9R.140612
_z. - Biblioteca Jacinto Martínez Lacalle
999 _c169454
_d169454